Score 0/57 Timer 03:00
5 Plays Today
% Correct
The
99%
The
99%
The
99%
a
98.6%
a
98.6%
a
98.6%
A
98.6%
a
98.6%
Family
97.2%
Family
97.2%
Family
97.2%
Addams
96.5%
Addams
96.5%
Addams
96.5%
They
89.9%
and
89.3%
and
89.3%
They're
84.4%
they're
84.4%
They're
84.4%
spooky
82.6%
creepy
79.8%
kooky
65.4%
to
62.9%
is
60.7%
altogether
60.1%
are
57.3%
Their
57.3%
Mysterious
57.1%
% Correct
'em
55.2%
see
54.9%
house
54.8%
museum
52.1%
Where
51.7%
ooky
49%
come
48.5%
people
46.5%
really
45.9%
scream
43.5%
you
32.9%
on
31.3%
on
31.3%
on
31.3%
So
30.1%
Sweet
25.1%
Petite
24.4%
Neat
24.4%
can
23.4%
get
21.4%
We're
21.3%
call
20.4%
crawl
19.8%
gonna
16%
broomstick
15.3%
shawl
15.2%
pay
14%
witch's
12.1%

You're not logged in!

Compare scores with friends on all Sporcle quizzes.
OR
Log In

Sporcle TV

Today on Sporcle TV


Watch our educational content, quiz creation guides, and fun videos on Sporcle TV.

Show Comments

Extras

Top Quizzes Today


Score Distribution

Paid Content

Your Account Isn't Verified!

In order to create a playlist on Sporcle, you need to verify the email address you used during registration. Go to your Sporcle Settings to finish the process.

Report this User

Report this user for behavior that violates our Community Guidelines.

Details: